| 000 | 00645nam a2200193 a 4500 | ||
|---|---|---|---|
| 001 | 13681 | ||
| 003 | CO-ViMGA | ||
| 008 | 141112s2004 ck r 000 u spa d | ||
| 020 | _a9589328076 | ||
| 040 |
_aCO-ViMGA _bspa _cCO-ViMGA |
||
| 082 | 0 | 4 | _a338.10986 D372 |
| 245 | 1 | 0 |
_aDescentralizacion en el agro : _bel desarrollo agropecuario y rural en el marco de la descentralizacion y la regionalizacion |
| 260 |
_aSantafé de Bogotá : _bEditer, _c1996 |
||
| 300 | _a385 | ||
| 650 | 1 | 4 |
_aAGRICULTURA Y ESTADO - COLOMBIA _919966 |
| 650 | 1 | 4 |
_aDESCENTRALIZACION ADMINISTRATIVA - COLOMBIA _917074 |
| 650 | 1 | 4 |
_aREFORMA AGRARIA _96767 |
| 942 |
_2ddc _cBK |
||
| 999 |
_c24404 _d24404 |
||